Loading...
| Current Events | 1 | 10.00 | 0% | 600% | 0% |
| Fine Arts - Auditory | 3 | 16.67 | 1,667% | 167% | 333% |
| Fine Arts - Other | 3 | 10.00 | 0% | 167% | 333% |
| Fine Arts - Visual | 4 | 12.50 | 900% | 275% | 275% |
| Geography | 1 | 30.00 | 2,500% | 500% | 500% |
| History - American | 4 | 12.50 | 2,425% | 0% | 275% |
| History - European | 5 | 10.00 | 720% | 340% | 120% |
| History - Other | 5 | 10.00 | 500% | 220% | 220% |
| History - World | 4 | 15.00 | 2,150% | 300% | 125% |
| Literature - American | 4 | 12.50 | 1,800% | 0% | 425% |
| Literature - British | 6 | 16.67 | 2,450% | 167% | 267% |
| Literature - European | 2 | 5.00 | 1,800% | 0% | 0% |
| Literature - World | 5 | 8.00 | 1,000% | 120% | 120% |
| Mythology | 3 | 16.67 | 2,033% | 367% | 200% |
| Other Academic | 1 | 10.00 | 0% | 0% | 600% |
| Philosophy | 6 | 10.00 | 833% | 183% | 167% |
| Pop Culture | 2 | 20.00 | 1,250% | 500% | 250% |
| Religion | 4 | 12.50 | 1,525% | 0% | 425% |
| Science - Biology | 3 | 10.00 | 0% | 200% | 333% |
| Science - Chemistry | 3 | 10.00 | 1,200% | 200% | 200% |
| Science - Other | 4 | 15.00 | 900% | 275% | 400% |
| Science - Physics | 3 | 16.67 | 2,033% | 167% | 367% |
| Social Science | 4 | 12.50 | 625% | 400% | 125% |